[Event "Krasnodar Region-ch"]
[Site "Krasnodar"]
[Date "2012.10.07"]
[Round "6"]
[White "Chip, Vitaly"]
[Black "Bukarin, Mikhail Yurievich"]
[Result "1-0"]
[WhiteElo "2228"]
[BlackElo "1991"]
[PlyCount "89"]
[EventDate "2012.10.02"]
[EventType "swiss"]
[EventRounds "9"]
[EventCountry "RUS"]
[SourceTitle "EXT 2013"]
[Source "ChessBase"]
[SourceDate "2012.11.22"]
[SourceVersion "1"]
[SourceVersionDate "2012.11.22"]
[SourceQuality "1"]

1. e4 e5 2. Nf3 Nc6 3. Bb5 a6 4. Ba4 Nf6 5. 0-0 Be7 6. Re1 b5 7. Bb3 0-0 8. c3 d5 9. exd5 Nxd5 10. d4 exd4 11. Nxd4 Nxd4 12. Qxd4 Bb7 13. Nd2 c5 14. Qg4 f5 15. Qe2 c4 16. Bc2 Bd6 17. Nf3 Kh8 18. Bg5 Qc7 19. Qd2 Qf7 20. Nd4 Qh5 21. h3 f4 22. Ne6 Rae8 23. h4 Qg4 24. f3 Qg3 25. Nxf8 Bc5+ 26. Kh1 Rxf8 27. Re5 Be3 28. Qe1 Qxe1+ 29. Rxe1 h6 30. Be7 Re8 31. Bd6 Rd8 32. Be4 Nf6 33. Be7 Rd7 34. Bxf6 gxf6 35. Re6 Bxe4 36. Rxe4 Rd2 37. g3 Bf2 38. Re8+ Kg7 39. R1e2 Rd1+ 40. Kg2 fxg3 41. h5 f5 42. R8e7+ Kf6 43. f4 Rd6 44. Rh7 Rd1 45. Rxh6+ 1-0